El juicio contencioso administrativo federal y la defensa fiscal en la jurisprudencia

Bibliographic Details
Main Author: Jur̀ez Cacho, Angel
Format: eBook
Language:Spanish
Published: Coyoacǹ : Ral︢ Jur̀ez Carro Editorial, 2010
Subjects:
Online Access:http://www.vlex.com/source/7381

MARC

LEADER 00000nam a22000007a 4500
005 20130308094337.0
007 cr|||| |||
008 130308e2010 mx |||||s|||| 00||0 spa d
020 |a 978- 607-00-2929-5 
035 |a 7381 
040 |a vLex 
090 |c 3863  |d 3863 
100 1 0 |a Jur̀ez Cacho, Angel  
245 1 3 |a El juicio contencioso administrativo federal y la defensa fiscal en la jurisprudencia  |c / Angel Jur̀ez Cacho   |h [Recurso electrn̤ico] 
256 |a Servicio en ln̕ea 
260 |a Coyoacǹ :  |b Ral︢ Jur̀ez Carro Editorial,   |c 2010 
300 |a 1 Recurso electrn̤ico 
506 |d vLex Global  |d vLex Global (Academic Edition, excluding Law Schools)  |d vLex Global (U.S. Academic Edition, Law Schools)  |d vLex Global (U.S. Academic Edition, excluding Law Schools)  |d vLex Global (Academic Edition, Law Schools) 
650 0 4 |a Procedimiento contencioso-administrativo  |z Mx̌ico 
740 |a vLex Libros (Servicio en ln̕ea) 
856 |a Acceso restringido  |u http://www.vlex.com/source/7381 
942 |c BOOK 
999 0 |a Administrative courts